Loading...

Anjuru Varshathe Keralam Chila Arivatayalangal/

Bibliographic Details
Format: Printed Book
Language:Malayalam
Published: Kottayam: Current, 2001
LEADER 00541nam a22001697a 4500
003 OSt
005 20200624134632.0
008 160422b xxu||||| |||| 00| 0 mal d
041 |a mal 
082 |a 850.9 VAR/K 
245 |a Anjuru Varshathe Keralam Chila Arivatayalangal/ 
260 |a Kottayam:  |b Current,  |c 2001 
300 |a 477p. 
546 |a In Malayalam 
942 |2 ddc  |c BK 
999 |c 328675  |d 328675 
952 |0 0  |1 0  |2 ddc  |4 0  |6 850_900000000000000_VAR_K  |7 0  |9 375265  |a CSC  |b CSC  |c ST1  |d 2016-04-22  |i 11206  |l 0  |o 850.9 VAR/K  |p CSC11206  |r 2016-04-22  |w 2016-04-22  |y BK